Регионална библиотека "Любен Каравелов" - Русе

Ще ви посрещне Фуджи (Запис номер 148847)

MARC детайли
000 -Лидер
Контролно поле с фиксирана дължина nam a22 a 4500
003 - Код на организацията, давaща контролен номер
Контролно поле BLK
005 - Дата и час на последна редакция
Контролно поле 20230202130015.0
008 - Елементи от данни с фиксирана дължина
fixed length control field 180410b bul|||||r ||||||| ||bul||
010 ## - Наследен системен номер
LC control number KNG00155075000
040 ## - Източник на каталожния запис
Идентификатор на билиотеката - собственик на записа BLK
041 ## - Код за език
Код за езика на текст/звукозапис или на отделно заглавие Български
Код за езика КДБФ Български
080 ## - УДК
Текстов определител УДК Социография. Социално положение. Условия на политическия и социалния живот. Социално и социално-икономическо положение на отделните страни, народи, раси. Социална география. (Общи въпроси)
УДК код - определител по УДК 308
УДК определител (520)
УДК - код + определител 308(520)
080 ## - УДК
Текстов определител УДК Краезнание
УДК код - определител по УДК 908
УДК определител (520)
УДК - код + определител 908(520)
100 1# - Редна дума - Автор
Автор Мирчева, Цветана
Авторска отговорност първи автор
R(LIN) 243378
139 ## - Редно поле
Редна дума Мирчева, Цветана
Авторски знак Мир - М 68
245 10 - Сведения за заглавието
Заглавие Ще ви посрещне Фуджи
Подзаглавни данни Писма от Япония до бълг. деца
Редно поле (дума) Цветана Мирчева; худож. Димитър Петков.
257 ## - Страна на издаване
Страна на създаване/издаване България
260 ## - Област на издателските данни
Име на издателя, разпространителя и проч. Нар. младеж
Година на издаване 1983
Място на издаване, разпространение и проч. София
300 ## - Физическа характеристика
Страници 148 с.
Илюстрации и др. с ил., 8 л. цв. ил.
Размери/Мащаб 25 см
380 ## - Жанр
Жанр Детска отраслова лит.
500 ## - Общи забележки
Забележка 15 000 тир.
650 #4 - Допълнително описание по предмет – тема
Основно описание – тема или топоним Япония
9 (RLIN) 179845
651 #4 - Допълнително описание по предмет - топоним
Географско понятие Япония
9 (RLIN) 179845
653 ## - Ключова дума – ненормативна
Ключова дума Япония
653 ## - Ключова дума – ненормативна
Ключова дума писма
700 1# - Други автори (авторска отговорност)
Лично име Петков, Димитър
Автороска отговорност (Описва отношението между автора и произведението) худож.
9 (RLIN) 365920
852 ## - Местоположение
Форматна сигнатура Цб 267596
856 4# - Електронен адрес и достъп
Електронен формат pdf - файл
Инструкция (цена за достъп) 0.00
Права за достъп disable
856 4# - Електронен адрес и достъп
Електронен формат pdf - файл
Инструкция (цена за достъп) 0.00
Права за достъп disable
999 ## - СИСТЕМНИ КОНТРОЛНИ НОМЕРА
Koha biblionumber 148847
Koha biblioitemnumber 148847
942 ## - АРТИКУЛИ
Вид на библиотечния материал Книги
Скрит в OPAC Не
Периодичен библиозапис Да
944 ## - СЪЗДАВАНЕ И РЕДАКЦИЯ на ЗАПИСА
Създаване/Редакция Създаване
Дата на регистрацията/редакция 30.12.2013
Статус, дата на статуса 30.12.2013 - от С1,Р / 30.12.2013
Служител, извършил регистрацията/редакцията Даниел_Канатов
944 ## - СЪЗДАВАНЕ И РЕДАКЦИЯ на ЗАПИСА
Създаване/Редакция Редакция
Дата на регистрацията/редакция 30.12.2013
Статус, дата на статуса 30.12.2013 - от С1,Р / 30.12.2013
999 ## - СИСТЕМНИ КОНТРОЛНИ НОМЕРА
Koha biblioitemnumber 148847
999 ## - СИСТЕМНИ КОНТРОЛНИ НОМЕРА
Koha biblioitemnumber 148847
Наличности
Код за отписване Код за изгубен артикул Източник на класификационната схема Код за повреда Коз за рестрикции Код за отдаване Артикулен № Име на библиотеката - собственик Име на библиотеката, в която се намира в момента Статус (Текущо местоположение) Дата на вписване в системата Местоположение - отдел Цена в лева Инвентарен номер Систематично азбучна сигнатура Баркод Номер на екземпляра Цена в евро Служебна бележка Служебен тип на артикула
  Не е изгубен Universal Decimal Classification Не е повреден без рестрикции ползва се в читалня 248131 Регионална библиотека "Любен Каравелов" Русе Регионална библиотека "Любен Каравелов" Русе Хранилище 1983-01-01 Хранилище 1.15 401323 Цб 267596 120000401323 1 0.59 Дост: Dp Вид: Д N: стар фонд Дата: 01.01.1983 Книги
Изтеглен Не е изгубен Universal Decimal Classification Не е повреден без рестрикции заемане за дома 248132 Регионална библиотека "Любен Каравелов" Русе Регионална библиотека "Любен Каравелов" Русе Детски отдел 1983-01-01 Детски отдел 1.15 403046 ДН 308(5)/М 68 403046 2 0.59 Дост: Pk Вид: Ф N: стар фонд Дата: 01.01.1983 Дата инв: 20.08.2015 Бележки инв: Д2015 Книги
Изтеглен Не е изгубен Universal Decimal Classification Не е повреден без рестрикции заемане за дома 248133 Регионална библиотека "Любен Каравелов" Русе Регионална библиотека "Любен Каравелов" Русе Детски отдел 1983-01-01 Детски отдел 1.15 403047 ДН 308(5)/М 68 403047 3 0.59 Дост: Pk Вид: Ф N: стар фонд Дата: 01.01.1983 Дата инв: 20.08.2015 Бележки инв: Д2015 Книги
Изтеглен Не е изгубен Universal Decimal Classification Не е повреден без рестрикции заемане за дома 248134 Регионална библиотека "Любен Каравелов" Русе Регионална библиотека "Любен Каравелов" Русе Детски отдел 1983-01-01 Детски отдел 1.15 403050 ДН 308(5)/М 68 403050 4 0.59 Дост: Pk Вид: Ф N: стар фонд Дата: 01.01.1983 Дата инв: 30.09.2015 Бележки инв: Д2015 Книги
Vip Innovations Ltd, Rousse, Bulgaria 2025